[Event "GER-ch U12 Girls"]
[Site "Willingen"]
[Date "2020.10.30"]
[Round "6"]
[White "Khanbekyan, Nare"]
[Black "Glotz, Diana"]
[Result "0-1"]
[WhiteElo "1329"]
[BlackElo "1098"]
[PlyCount "112"]
[EventDate "2020.10.26"]
[EventType "swiss"]
[EventRounds "7"]
[EventCountry "GER"]
[SourceTitle "CBM 199 Extra"]
[Source "ChessBase"]
[SourceDate "2021.01.31"]
[SourceVersion "1"]
[SourceVersionDate "2021.01.31"]
[SourceQuality "1"]

1. e4 e5 2. Nf3 d6 3. d4 Nd7 4. Bc4 c6 5. Nc3 Be7 6. Be3 Ngf6 7. 0-0 0-0 8. Qd2 Qc7 9. Nh4 Nxe4 10. Nxe4 Bxh4 11. Ng3 Nb6 12. Bd3 f6 13. dxe5 dxe5 14. a4 Rd8 15. Qe2 g6 16. Ne4 Bf5 17. c4 Bxe4 18. Bxe4 Bg5 19. Bc5 f5 20. Bc2 Rd2 21. Qf3 Rxc2 22. Qd3 Rxc4 23. Bxb6 Qxb6 24. Qxc4+ Kg7 25. b4 Rd8 26. a5 Qd4 27. Qxd4 Rxd4 28. Rfd1 Rxb4 29. Rab1 Be7 30. Rxb4 Bxb4 31. Rd7+ Kh6 32. Rxb7 Bxa5 33. Rxa7 Bb6 34. Ra6 Bd4 35. Rxc6 Kg5 36. Kf1 e4 37. Ke2 Be5 38. h3 Kh4 39. f3 exf3+ 40. gxf3 Kxh3 41. Re6 Ba1 42. Re7 h5 43. Re6 g5 44. Rh6 Kh4 45. Kf2 Bd4+ 46. Kg2 Be3 47. Rc6 g4 48. Rc4 f4 49. fxg4 hxg4 50. Rc7 f3+ 51. Kh2 Bf4+ 52. Kg1 Bxc7 53. Kf1 g3 54. Kg1 g2 55. Kf2 Kh3 56. Kg1 Bb6# 0-1

[Event "GER-ch U10 Girls"]
[Site "Willingen"]
[Date "2018.05.25"]
[Round "9"]
[White "Khanbekyan, Nare"]
[Black "Klonov, Sofia"]
[Result "1-0"]
[WhiteElo "1123"]
[BlackElo "1028"]
[PlyCount "87"]
[EventDate "2018.05.19"]
[EventType "swiss"]
[EventRounds "11"]
[EventCountry "GER"]
[SourceTitle "CBM 184 Extra"]
[Source "ChessBase"]
[SourceDate "2018.06.28"]
[SourceVersion "1"]
[SourceVersionDate "2018.06.28"]
[SourceQuality "1"]

1. e4 c5 2. Nf3 Nc6 3. d4 cxd4 4. Nxd4 g6 5. c4 Bg7 6. Be3 Nf6 7. Nc3 e6 8. Be2 d5 9. cxd5 exd5 10. exd5 Nxd5 11. Nxc6 bxc6 12. 0-0 0-0 13. Nxd5 cxd5 14. Rb1 Bb7 15. Bf3 Be5 16. b4 a6 17. Qd3 d4 18. Bxb7 Rb8 19. Bxa6 dxe3 20. Qxe3 Re8 21. Qb3 Qh4 22. g3 Qh3 23. Bc4 Rf8 24. Rfe1 Rbe8 25. Rbd1 Qf5 26. Rd5 Qf6 27. Kg2 Bd4 28. Rxe8 Rxe8 29. Qf3 Qxf3+ 30. Kxf3 Rb8 31. Rxd4 Rxb4 32. Bxf7+ Kxf7 33. Rxb4 Ke6 34. a4 Kd5 35. a5 Kc5 36. Rb1 Kc4 37. a6 Kc3 38. a7 Kc2 39. Rb6 Kd3 40. a8Q Kd4 41. Qe4+ Kc5 42. Rc6+ Kb5 43. Qc4+ Ka5 44. Ra6# 1-0

[Event "GER-ch U10 Girls"]
[Site "Willingen"]
[Date "2018.05.25"]
[Round "10"]
[White "Khanbekyan, Nare"]
[Black "Praus, Pia Rosa"]
[Result "0-1"]
[WhiteElo "1123"]
[BlackElo "1055"]
[PlyCount "106"]
[EventDate "2018.05.19"]
[EventType "swiss"]
[EventRounds "11"]
[EventCountry "GER"]
[SourceTitle "CBM 184 Extra"]
[Source "ChessBase"]
[SourceDate "2018.06.28"]
[SourceVersion "1"]
[SourceVersionDate "2018.06.28"]
[SourceQuality "1"]

1. e4 d5 2. exd5 Qxd5 3. Nc3 Qa5 4. d4 Nf6 5. Bd3 c6 6. Nf3 Bg4 7. h3 Bh5 8. Be3 e6 9. 0-0 Nbd7 10. Re1 Be7 11. Qe2 0-0 12. Rad1 Bb4 13. Bd2 Rac8 14. a3 Bxc3 15. Bxc3 Qc7 16. b4 b6 17. Rb1 c5 18. Qd2 Bxf3 19. gxf3 cxb4 20. Bxb4 Rfe8 21. Kh1 a5 22. Bxa5 bxa5 23. Rg1 g6 24. Qh6 Qc6 25. Rg3 Nh5 26. Be4 Nxg3+ 27. fxg3 Qd6 28. Rg1 Qxd4 29. h4 Rc7 30. h5 Rec8 31. hxg6 fxg6 32. Rc1 Rc3 33. Kg2 Re3 34. Rh1 Re2+ 35. Kh3 Qg7 36. Qxg7+ Kxg7 37. Kg4 Nf6+ 38. Kf4 Nxe4 39. fxe4 Rcxc2 40. Rd1 Kf6 41. Rf1 Rf2+ 42. Rxf2 Rxf2+ 43. Ke3 Ra2 44. Kf4 Rxa3 45. e5+ Kf7 46. g4 Rb3 47. Kg5 a4 48. Kh6 a3 49. Kg5 a2 50. Kf4 a1Q 51. Kg5 Qxe5+ 52. Kh4 Qa5 53. g5 Qa4# 0-1

[Event "GER-ch U10 Girls"]
[Site "Willingen"]
[Date "2018.05.24"]
[Round "8"]
[White "Proettel, Ela"]
[Black "Khanbekyan, Nare"]
[Result "1-0"]
[WhiteElo "1125"]
[BlackElo "1123"]
[PlyCount "177"]
[EventDate "2018.05.19"]
[EventType "swiss"]
[EventRounds "11"]
[EventCountry "GER"]
[SourceTitle "CBM 184 Extra"]
[Source "ChessBase"]
[SourceDate "2018.06.28"]
[SourceVersion "1"]
[SourceVersionDate "2018.06.28"]
[SourceQuality "1"]

1. d4 Nf6 2. Bf4 e6 3. e3 b6 4. Nf3 Bb7 5. Bd3 d5 6. Nc3 Bb4 7. Qd2 0-0 8. 0-0 Nbd7 9. a3 Be7 10. Rfe1 c5 11. h3 Rc8 12. Na2 c4 13. Bf1 Ne4 14. Qd1 Re8 15. Nc3 Ndf6 16. Nd2 Nxc3 17. bxc3 b5 18. Qb1 a6 19. Qb2 Bc6 20. Reb1 Nh5 21. Bh2 Bh4 22. Nf3 Be7 23. g3 f5 24. Bg2 g5 25. Ne5 Bb7 26. f3 Ng7 27. Rf1 Bf6 28. f4 gxf4 29. exf4 h5 30. h4 Bxe5 31. dxe5 Kh7 32. Rad1 Rg8 33. Kh1 Ne8 34. Qc1 Nc7 35. Qe3 a5 36. Rb1 Bc6 37. Rfd1 Na6 38. Bg1 Qe7 39. Ra1 Bd7 40. Qe2 Nc5 41. Qxh5+ Kg7 42. Qg5+ Kf8 43. Qxe7+ Kxe7 44. Bxc5+ Rxc5 45. Kg1 Rxg3 46. h5 Rxc3 47. Ra2 Rg3 48. Kf2 Rg8 49. Rh1 Rh8 50. Raa1 Rcc8 51. h6 Rh7 52. Rh3 Rch8 53. Rah1 b4 54. axb4 axb4 55. Ke1 Rb8 56. Bf3 Be8 57. Rg1 Kf8 58. Ke2 b3 59. cxb3 cxb3 60. Kd2 Ba4 61. Kc1 Rc7+ 62. Kb1 b2 63. Rh2 Bc2+ 64. Rxc2 Rxc2 65. Kxc2 b1Q+ 66. Rxb1 Rxb1 67. Kxb1 Kg8 68. Bxd5 Kh7 69. Bxe6 Kxh6 70. Bxf5 Kg7 71. Bh3 Kf7 72. f5 Ke7 73. f6+ Kf7 74. Bf5 Kg8 75. e6 Kf8 76. e7+ Ke8 77. Kc2 Kf7 78. Kd3 Ke8 79. Ke4 Kf7 80. Ke5 Ke8 81. Bg6+ Kd7 82. e8Q+ Kc7 83. Qe7+ Kc6 84. Qd6+ Kb5 85. Bd3+ Ka4 86. Qb6 Ka3 87. Bc2 Ka2 88. Qb3+ Ka1 89. Qb1# 1-0

[Event "GER-ch U10 Girls"]
[Site "Willingen"]
[Date "2017.06.10"]
[Round "11"]
[White "Khanbekyan, Nare"]
[Black "Hebestreit, Marie"]
[Result "1/2-1/2"]
[WhiteElo "952"]
[BlackElo "896"]
[PlyCount "92"]
[EventDate "2017.06.04"]
[EventType "swiss"]
[EventRounds "11"]
[EventCountry "GER"]
[SourceTitle "CBM 178 Extra"]
[Source "ChessBase"]
[SourceDate "2017.06.22"]
[SourceVersion "1"]
[SourceVersionDate "2017.06.22"]
[SourceQuality "1"]

1. e4 e5 2. Nf3 Nc6 3. d4 d6 4. Bc4 Nf6 5. Bg5 Be7 6. 0-0 0-0 7. dxe5 dxe5 8. Nc3 h6 9. Be3 Bd7 10. Bb5 a6 11. Bxc6 Bxc6 12. Nxe5 Bb5 13. Re1 Bd6 14. Bf4 Qe8 15. Qd2 Rd8 16. Qe3 Bxe5 17. b3 Ng4 18. Qg3 Bxf4 19. Qxf4 Ne5 20. a4 Ng6 21. Qxc7 Rd7 22. Qb6 Bc6 23. b4 Rd2 24. b5 Bd7 25. Qxb7 axb5 26. axb5 Qc8 27. Qxc8 Rxc8 28. Nd5 Rc5 29. b6 Bc6 30. Rab1 Bxd5 31. exd5 Rdxd5 32. Re8+ Nf8 33. b7 Rb5 34. Rxb5 Rxb5 35. h4 Rxb7 36. c4 Rc7 37. Re4 f5 38. Rf4 g5 39. Rd4 Rd7 40. Rxd7 Nxd7 41. f3 Kf7 42. Kf2 Ne5 43. c5 Nd3+ 44. Ke3 Nxc5 45. f4 gxf4+ 46. Kxf4 Ne6+ 1/2-1/2

[Event "GER-ch U10 Girls"]
[Site "Willingen"]
[Date "2017.06.07"]
[Round "7"]
[White "Khanbekyan, Nare"]
[Black "Claussen, Kim Sophie"]
[Result "1-0"]
[WhiteElo "952"]
[BlackElo "845"]
[PlyCount "51"]
[EventDate "2017.06.04"]
[EventType "swiss"]
[EventRounds "11"]
[EventCountry "GER"]
[SourceTitle "CBM 178 Extra"]
[Source "ChessBase"]
[SourceDate "2017.06.22"]
[SourceVersion "1"]
[SourceVersionDate "2017.06.22"]
[SourceQuality "1"]

1. e4 e5 2. Nf3 Nc6 3. d4 Bb4+ 4. c3 Ba5 5. dxe5 d6 6. Bg5 f6 7. exf6 Nxf6 8. Nbd2 h6 9. Bf4 Nxe4 10. Nxe4 Qe7 11. Qe2 Bf5 12. Ng3 Qxe2+ 13. Bxe2 0-0-0 14. Nxf5 Rde8 15. Nxg7 Reg8 16. Nf5 Re8 17. g3 Re6 18. 0-0 Rhe8 19. Rfe1 Nd4 20. N3xd4 Kb8 21. Nxe6 Rxe6 22. Bg4 Rg6 23. Bh5 Rf6 24. Bd2 b6 25. Bf3 Rg6 26. Re8# 1-0

[Event "GER-chT U10"]
[Site "Magdeburg"]
[Date "2015.12.29"]
[Round "7.2"]
[White "Khanbekyan, Nare"]
[Black "Wehling, Linos"]
[Result "0-1"]
[WhiteElo "698"]
[BlackElo "899"]
[PlyCount "52"]
[EventDate "2015.12.27"]
[EventType "team-swiss"]
[EventRounds "7"]
[EventCountry "GER"]
[SourceTitle "EXT 2017"]
[Source "ChessBase"]
[SourceDate "2016.10.25"]
[SourceVersion "1"]
[SourceVersionDate "2016.10.25"]
[SourceQuality "1"]
[WhiteTeam "Magdeburg USC II"]
[BlackTeam "Breitenworbis"]
[WhiteTeamCountry "GER"]
[BlackTeamCountry "GER"]

1. e4 e5 2. Nf3 Nc6 3. d4 d6 4. Bc4 Nf6 5. Nc3 exd4 6. Nxd4 Nxd4 7. Qxd4 Be7 8. Bf4 Be6 9. 0-0 Bxc4 10. Qxc4 0-0 11. Rad1 Qc8 12. Rfe1 Re8 13. Nb5 Bd8 14. Bg5 a6 15. Nd4 Nxe4 16. Bxd8 Qxd8 17. Nf3 Nf6 18. Ng5 Qd7 19. Rc1 Rxe1+ 20. Rxe1 Re8 21. Rd1 h6 22. Nf3 Qc6 23. Qf4 Qxc2 24. Rd2 Qc1+ 25. Rd1 Qxd1+ 26. Ne1 Qxe1# 0-1